|
|
|
|
| LEADER |
01468nam a2200385 a 4500 |
| 001 |
EBC1092766 |
| 003 |
MiAaPQ |
| 005 |
20200520144314.0 |
| 006 |
m o d | |
| 007 |
cr cn||||||||| |
| 008 |
700316r20121968enka sb 000 0 eng d |
| 020 |
|
|
|z 9780415538930
|
| 020 |
|
|
|a 9780203108710 (electronic bk.)
|
| 035 |
|
|
|a (MiAaPQ)EBC1092766
|
| 035 |
|
|
|a (Au-PeEL)EBL1092766
|
| 035 |
|
|
|a (CaPaEBR)ebr10632340
|
| 035 |
|
|
|a (CaONFJC)MIL417453
|
| 035 |
|
|
|a (OCoLC)823387043
|
| 040 |
|
|
|a MiAaPQ
|c MiAaPQ
|d MiAaPQ
|
| 043 |
|
|
|a e-uk---
|
| 050 |
|
4 |
|a HG4538
|b .E97 2012
|
| 082 |
0 |
4 |
|a 332.67
|2 23
|
| 245 |
0 |
4 |
|a The export of capital from Britain 1870-1914
|h [electronic resource] /
|c edited with an introduction by A.R. Hall.
|
| 260 |
|
|
|a London ;
|a New York :
|b Routledge,
|c 2012.
|
| 300 |
|
|
|a viii, 190 p. :
|b ill.
|
| 490 |
0 |
|
|a Routledge library editions : banking & finance ;
|v v. 16
|
| 500 |
|
|
|a Reprint: Originally published: London : Methuen, 1968.
|
| 504 |
|
|
|a Includes bibliographical references.
|
| 533 |
|
|
|a Electronic reproduction. Ann Arbor, MI : ProQuest, 2015. Available via World Wide Web. Access may be limited to ProQuest affiliated libraries.
|
| 650 |
|
0 |
|a Investments, British
|x History.
|
| 650 |
|
0 |
|a Investments
|z Great Britain
|x History.
|
| 655 |
|
4 |
|a Electronic books.
|
| 700 |
1 |
|
|a Hall, Alan Ross.
|
| 710 |
2 |
|
|a ProQuest (Firm)
|
| 856 |
4 |
0 |
|u https://ebookcentral.proquest.com/lib/matrademy/detail.action?docID=1092766
|z Click to View
|